Bibliography of the Ionosphere (Record no. 2198)

MARC details
000 -LEADER
fixed length control field 00511nam a2200169Ia 4500
003 - CONTROL NUMBER IDENTIFIER
control field IN-BaIIA
008 - FIXED-LENGTH DATA ELEMENTS--GENERAL INFORMATION
fixed length control field 211028s9999 xx 000 0 eng d
040 ## - CATALOGING SOURCE
Transcribing agency IIA Library
080 ## - UNIVERSAL DECIMAL CLASSIFICATION NUMBER
Universal Decimal Classification number 551.510.5
Item number MAN
100 ## - MAIN ENTRY--PERSONAL NAME
Personal name Manning, A. Laurence
9 (RLIN) 3985
245 #0 - TITLE STATEMENT
Title Bibliography of the Ionosphere
Statement of responsibility, etc. Laurence A. Manning
260 ## - PUBLICATION, DISTRIBUTION, ETC.
Name of publisher, distributor, etc. Stanford University Press
Date of publication, distribution, etc. 1962
300 ## - PHYSICAL DESCRIPTION
Extent xiii,613p
650 ## - SUBJECT ADDED ENTRY--TOPICAL TERM
Topical term or geographic name entry element Astronomy and Astrophysics Thesaurus
650 ## - SUBJECT ADDED ENTRY--TOPICAL TERM
Topical term or geographic name entry element Ionosphere
942 ## - ADDED ENTRY ELEMENTS (KOHA)
Koha item type Books
Holdings
Withdrawn status Lost status Source of classification or shelving scheme Damaged status Not for loan Home library Current library Shelving location Date acquired Cost, normal purchase price Total Checkouts Full call number Barcode Date last seen Cost, replacement price Price effective from Koha item type Purchase Price
    Dewey Decimal Classification     IIA Library-Bangalore IIA Library-Kodaikanal General Stacks   75.00   551.510.5/ MAN 2465 05/11/2021 75.00   Books Rs. 75

Powered by Koha